Resident Evil Characters {eng} - Statistics

General Stats
  • This quiz has been taken 31 times
  • The average score is 9 of 15
Answer Stats
Hint Answer % Correct
AWo Ada Wong
74%
EW Ethan Winters
74%
DB Donna Beneviento
70%
LD Lady Dimitrescu
70%
CO Carlos Oliveria
65%
CLR Claire Redfield
65%
MM Mother Miranda
65%
CHR Chris Redfield
61%
HK Hunk
61%
KH Karl Heisenberg
61%
LSK Leon S Kennedy
61%
OS Osmund Saddler
61%
WB William Birkin
61%
BB Barry Burton
57%
AW Albert Wesker
35%
No matching quizzes found
Score Distribution
Percent of People with Each Score
Percentile by Number Answered
Your Score History
You have not taken this quiz